| 000 | 00570cam a22002171 4500 | ||
|---|---|---|---|
| 001 | sa 64006263 | ||
| 003 | DLC | ||
| 005 | 20260227112038.0 | ||
| 008 | 750516s1963 ii b 000 0 eng | ||
| 010 | _asa 64006263 | ||
| 035 | _a(OCoLC)1338653 | ||
| 040 |
_aDLC _cTxFTC _dOCoLC _dDLC |
||
| 042 | _apremarc | ||
| 050 | 0 | 0 |
_aDS432.P3 _bB25 |
| 100 | 1 | _aBalsara, Pestanji Phirozshah. | |
| 245 | 1 | 0 |
_aHighlights of Parsi history, _cby P.P. Balsara. |
| 260 |
_a[Bombay, _c1963] |
||
| 300 |
_a73 p. _c18 cm. |
||
| 504 | _aBibliographical footnotes. | ||
| 650 | 0 | _aParsees. | |
| 999 |
_c59596 _d59596 |
||